000 00642nam a2200169 i 4500
001 20861
003 ES-MaACL
005 20230906152358.0
007 t|
008 021119s1892 sp ||||1| spa d
245 0 0 _aActo académico celebrado por la Universidad de Granada en conmemoración del Cuarto Centenario de la Reconquista de esta Ciudad y del Descubrimiento del Nuevo Mundo.
260 _aGranada :
_b[s.n.],
_c1892 (
_fImp. de Indalecio Ventura)
300 _aVI, 128 p. ;
_c24 cm.
651 4 _aGranada (Reino)-
_xHistoria-
_y1483-1492 (Conquista)
_9144014
710 2 _aUniversidad de Granada.
_97176
852 _aES-MaACL
_jT-697-F-6
999 _c20861
_d20861